A linguistics workbook

Αποθηκεύτηκε σε:
Λεπτομέρειες βιβλιογραφικής εγγραφής
Κύριος συγγραφέας: Demers, Richard A.
Άλλοι συγγραφείς: Farmer, Ann K.
Μορφή: Βιβλίο
Γλώσσα:English
Δημοσίευση: Massachusetts : M.I.T., 1991
Έκδοση:2nd ed.
Θέματα:
Ετικέτες: Προσθήκη ετικέτας
Δεν υπάρχουν, Καταχωρήστε ετικέτα πρώτοι!

MARC

LEADER 00000nam a2200000 i 4500
001 1/102015
008 951009s1991 eng d
020 |a 0-262-54062-2 
035 |l 10012337 
040 |a GR-MY-UA  |b gre  |e aacr 
041 0 |a eng 
082 0 |a 420.76 
100 1 |a Demers, Richard A. 
245 1 2 |a A linguistics workbook /  |c Richard A. Demers; Ann K. Farmer 
250 |a 2nd ed. 
260 |a Massachusetts :   |b M.I.T.,   |c 1991 
300 |a x, 276 σ.;  |b εικ.;  |c 28 εκ. 
650 0 0 |a Linguistics  |x Problems, exercises, etc. 
700 1 |a Farmer, Ann K. 
852 |a INST  |b LESVOS  |e 19951009  |h 420.76 DEM  |p 005100012242  |q 005100012242  |t BK  |y 0 
909 |a Λ  |b 040958 
922 |a 1ΕΛΗ  |b 199504  |c ΔΕΛΒΕΡΟΥΔΗ 
950 |a 140-1995-02-23